[Event "Festival Primavera Cattolica 2022"]
[Site "Cattolica"]
[Date "2022.03.17"]
[Round "3.1"]
[White "Dvirnyy, Danyyil"]
[Black "Azarov, Sergei"]
[Result "1/2-1/2"]
[WhiteElo "2496"]
[BlackElo "2600"]
[Annotator "TA"]
[PlyCount "116"]
[EventDate "2022.03.16"]
[EventType "swiss"]
[EventCountry "ITA"]
[SourceTitle "playchess.com"]
[Source "ChessBase"]
[SourceQuality "1"]

{[%evp 28,116,15,0,12,6,8,11,22,28,29,26,21,16,21,0,52,3,12,0,0,0,24,14,17,27,31,30,39,25,26,23,87,101,91,88,103,89,95,0,0,0,46,-19,-18,-18,-17,-18,0,0,0,0,0,0,0,0,0,0,0,0,0,0,0,0,0,0,0,0,0,-5,-5,-5,0,0,0,0,0,0,0,0,0,0,0,0,0,0,0,0,0,0,0]} 1. e4 e5 2. Nf3 Nc6 3. Bb5 a6 4. Ba4 Nf6 5. O-O Be7 6. Re1 b5 7. Bb3 d6 8. c3 O-O 9. d4 Bg4 10. Be3 exd4 11. cxd4 Na5 12. Bc2 Nc4 13. Bc1 c5 14. b3 Nb6 15. Nbd2 Rc8 {C91: Closed Ruy Lopez: 7...d6 8 c3 0-0 9 d4.} 16. h3 Bh5 17. a4 {[#] 17.g4 is vanishing.} c4 $146 ({Predecessor:} 17... cxd4 18. axb5 axb5 19. Bb2 Nbd7 20. Bxd4 Ne5 21. Bb1 Nfd7 22. Qe2 Bf6 23. g4 Bg6 24. Qxb5 {0-1 (47) Nepomniachtchi,I (2773)-Ding,L (2801) Kolkata 2019}) 18. axb5 axb5 19. bxc4 bxc4 20. d5 Nfd7 21. g4 Bg6 (21... Bf6 $1 $11 22. Ra3 Bg6) 22. Nf1 (22. Nd4 $1 $14) 22... Bf6 $11 23. Rb1 h6 $1 {To avoid g5} 24. Ng3 Nc5 25. Be3 Re8 26. Bd4 Nbd7 27. Rb4 Bxd4 28. Qxd4 Qa5 $1 29. Reb1 Qa3 (29... Qa2 $11 30. Qxc4 (30. Rxc4 Ne5 $11) 30... Qa3) 30. Kg2 $16 Nd3 31. Bxd3 Qxd3 32. Qxd3 cxd3 {[#]} 33. Rd4 (33. Rd1 $1 $16) 33... Rc2 $36 {[%mdl 2048] Black fights for an advantage.} 34. Ne1 Nc5 (34... Rd2 $1 $11) 35. Rxd3 (35. Nxc2 $14 dxc2 36. Re1) 35... Ra2 {The position is equal.} 36. Re3 Bxe4+ 37. Nf3 g6 38. Rb6 Bxf3+ 39. Kxf3 Rd8 40. Ne4 Nxe4 41. Rxe4 {[%mdl 4096] Endgame KRR-KRR} Rd2 42. Rb5 Rc8 43. Rf4 Rc3+ 44. Kg2 {[#] aiming for Rb8+.} Rc7 45. h4 Kg7 46. Kg3 Re7 47. Kg2 Rd3 48. Ra5 Rb7 49. Kh2 Rdb3 50. Kg2 R7b4 51. Rxb4 Rxb4 {KR-KR} 52. Kg3 Rd4 53. g5 h5 54. f3 Kf8 55. Ra8+ Ke7 56. Ra7+ Kf8 57. Ra8+ Kg7 58. Ra5 Kf8 {Weighted Error Value: White=0.08 (flawless) /Black=0.07 (flawless)} 1/2-1/2

[Event "Festival Primavera Cattolica 2022"]
[Site "Cattolica"]
[Date "2022.03.17"]
[Round "3.2"]
[White "Basso, Pier Luigi"]
[Black "Dimitrov, Radoslav"]
[Result "1-0"]
[WhiteElo "2600"]
[BlackElo "2487"]
[Annotator "TA"]
[PlyCount "67"]
[EventDate "2022.03.16"]
[EventType "swiss"]
[EventCountry "ITA"]
[SourceTitle "playchess.com"]
[Source "ChessBase"]
[SourceQuality "1"]

{[%evp 12,67,43,45,48,0,0,9,0,14,0,6,0,8,49,27,99,95,114,97,104,106,207,112,136,136,147,127,137,135,202,189,192,123,276,268,283,266,291,290,289,298,298,284,275,281,262,243,389,373,398,381,519,512,685,678,1100,860]} 1. d4 Nf6 2. c4 d6 3. Nc3 e5 4. Nf3 e4 5. Nd2 Bf5 6. e3 c6 7. Be2 d5 {A54: Old Indian Defence with Nf3, but without e4.} 8. cxd5 $5 {[%mdl 4] Exploring less charted territory.} cxd5 9. Qb3 Qd7 {The position is equal.} 10. g4 {[#]} Be6 $146 ({Predecessor:} 10... Bxg4 11. Bxg4 Nxg4 12. Qxd5 f5 13. Rg1 Nf6 14. Qe5+ Kf7 15. Nc4 Nc6 16. Qb5 Kg8 {0-1 (46) Martynov,P (2450)-Treppner,G (2325) Wattens 1990}) 11. g5 Ng8 12. Ndxe4 Nc6 (12... dxe4 $11 {is superior.} 13. d5 Bf5) 13. Ng3 $14 a6 (13... h6 $11 {keeps the balance.}) 14. Bd2 $36 {[%mdl 2048] White is on the roll. White is more active.} b5 15. f4 {[%cal Of4f5] Strongly threatening f5!} g6 {Inhibits f5.} 16. h4 h5 (16... Nge7 $16 {keeps fighting.}) 17. Nd1 (17. f5 $1 $18 {[%cal Rf5e6]} gxf5 18. Nxh5) 17... Nge7 18. Nf2 Nf5 19. Nxf5 Bxf5 20. Rc1 Be7 (20... Ne7 $16 21. Nd3 Bxd3 22. Bxd3 (22. Qxd3 Bg7 $16) 22... Bg7) 21. Bf3 $18 Be6 22. Nd3 (22. f5 $18 gxf5 23. Nd3) 22... Rd8 $2 {Loses the game.} (22... O-O $16 {is a better defense.} 23. Bg2 Rac8) 23. Qc2 Rc8 {[#]} 24. Ne5 $1 Nxe5 25. Qxc8+ Qxc8 26. Rxc8+ Bxc8 27. fxe5 Be6 28. a3 Kd7 29. Bc3 Kc6 (29... b4 $142) 30. Bb4 Bd8 31. Kd2 Bc7 32. e4 {White is clearly winning.} Rd8 33. Rc1+ Kb7 {[%cal Oc7e5] [#]} 34. Rxc7+ $1 {[%mdl 512] Weighted Error Value: White=0.11 (very precise) /Black=0.47} 1-0

[Event "Festival Primavera Cattolica 2022"]
[Site "Cattolica"]
[Date "2022.03.17"]
[Round "3.3"]
[White "Roshka, Yevgeniy"]
[Black "Jobava, Baadur"]
[Result "1/2-1/2"]
[WhiteElo "2478"]
[BlackElo "2588"]
[Annotator "TA"]
[PlyCount "44"]
[EventDate "2022.03.16"]
[EventType "swiss"]
[EventCountry "ITA"]
[SourceTitle "playchess.com"]
[Source "ChessBase"]
[SourceQuality "1"]

{[%evp 18,22,0,-1,6,-7,0]} 1. d4 d5 2. c4 c6 3. cxd5 cxd5 4. Nc3 Nf6 5. Nf3 Nc6 6. Bf4 Bf5 7. e3 e6 8. Bd3 Bxd3 9. Qxd3 Bd6 10. O-O Rc8 {D14: Slav Defence: Exchange variation with ...Bf5.} 11. Rac1 O-O {[#] A rather calm draw.} {Predecessor:} 12. Bg3 $146 Bxg3 13. hxg3 h6 14. Na4 Ne4 15. Nc5 Nd6 16. Nd2 Qe7 17. a3 b6 18. Na6 Nb8 19. Nxb8 Rxb8 20. Rc3 Rbc8 21. Rfc1 Rxc3 22. Rxc3 Rc8 {½-½ (22) Cordova,E (2655)-Mamedov,R (2688) Moscow 2017} 1/2-1/2

[Event "Festival Primavera Cattolica 2022"]
[Site "Cattolica"]
[Date "2022.03.17"]
[Round "3.4"]
[White "Davtyan, Artur"]
[Black "Bosiocic, Marin"]
[Result "0-1"]
[WhiteElo "2460"]
[BlackElo "2522"]
[Annotator "TA"]
[PlyCount "122"]
[EventDate "2022.03.16"]
[EventType "swiss"]
[EventCountry "ITA"]
[SourceTitle "playchess.com"]
[Source "ChessBase"]
[SourceQuality "1"]

{[%evp 14,121,11,24,22,12,13,20,23,22,14,9,21,18,35,31,44,14,49,41,57,23,23,15,22,24,33,19,52,34,45,32,64,72,141,141,125,43,49,47,120,121,120,114,117,105,123,118,119,120,131,129,130,95,99,98,147,162,158,164,177,86,157,128,146,104,109,91,111,101,764,216,198,157,218,206,1915,0,0,0,0,0,0,-149,0,-1024,-949,-5289,-5273,-2939,-2604,-2109,-1938,-10530,-1963,-29985,-29986,-29989,-29990,-29990,-29990,-29994,-29995,-29995,-29996,-29996,-29997,-29998,-29999,-29999]} 1. d4 Nf6 2. c4 e6 3. Nf3 d5 4. Nc3 Bb4 5. Bg5 h6 6. Bxf6 Qxf6 7. Qa4+ Nc6 8. e3 O-O {D38: Queen's Gambit Declined: Ragozin Defence (4 Nf3 Bb4).} 9. Rc1 Rd8 10. Be2 dxc4 {The position is equal.} 11. Qb5 Qe7 {[%cal Oe6e5]} 12. a3 Bd6 13. Qxc4 {[#]} Bd7 $146 ({Predecessor:} 13... e5 14. d5 Nb8 15. Nd2 Nd7 16. O-O a6 17. Nde4 Nf8 18. Nxd6 cxd6 19. Qb4 b5 {1-0 (91) Yilmaz,M (2607)-Riazantsev,A (2639) Moscow 2020}) 14. O-O a5 15. Qb3 Qe8 {[%cal Oa5a4]} 16. Bb5 (16. Qxb7 $2 Rdb8 17. Qxa8 Rxa8 $19) 16... e5 17. d5 (17. Rfe1 {keeps more tension.} exd4 18. exd4 Ne7 19. Bc4 a4 20. Qd1) 17... Ne7 18. Bxd7 Qxd7 19. e4 (19. Qxb7 $2 Rdb8 20. Qxa8 Rxa8 $19) 19... a4 20. Qb5 (20. Qxb7 $2 Rdb8 21. Qxa8 Rxa8 $19) 20... Qg4 21. Rfe1 (21. Qxb7 $2 Rdb8 22. Qxa8 (22. h3 $2 Qd7 $19) 22... Rxa8 $19) 21... Ng6 22. h3 Qh5 23. Ne2 $36 {[%mdl 2048] Ng3 is the strong threat. White has strong initiative.} (23. Qxb7 Nf4 24. Rc2 Qg6 $11) 23... Nh4 (23... Ne7 $142) 24. Nxh4 $16 Qxh4 25. Ng3 (25. Qxb7 $6 Qxe4 26. Nc3 Qf4 $11) (25. Nc3 $16) 25... g6 $14 26. Rc4 Qf4 (26... Ra6 $1 $14) 27. Nf1 $16 (27. Qxb7 Rab8 28. Qc6 (28. Qa7 Rxb2 29. Nf1 Bxa3 $15) 28... Rxb2 $11) 27... Rdb8 28. Re3 (28. Rxa4 $6 c6 29. Qb3 (29. dxc6 bxc6 30. Qxc6 Rxa4 $17) 29... Rxa4 30. Qxa4 cxd5 $14) 28... Qg5 29. Re2 h5 30. Rxa4 Rxa4 31. Qxa4 b5 32. Qa7 Rb6 33. Qa8+ Kg7 34. b4 {Prevents Bc5.} Qc1 ({Black should play} 34... c5) 35. Re3 Be7 36. Qe8 Bf6 37. h4 (37. Rf3 $6 Qc2 $14) (37. g4 $1 $18 {[%cal Rg4h5]}) 37... c5 (37... Qc4 $142) 38. Qc8 $1 ({Worse is} 38. Rf3 cxb4 39. axb4 Qe1 $11) 38... c4 39. g3 (39. Rf3 $142 $1) 39... Qb2 40. Kg2 {And now Nh2 would win.} Be7 {[#] Strongly threatening ...Rf6.} 41. Nh2 $1 ({Much weaker is} 41. Rf3 $6 Rf6 $11) 41... g5 $2 {[%mdl 8192]} ({Reject} 41... Rf6 $6 42. Nf3 Bd6 43. Qb7 $11) (41... Qc2 $16 42. Qd7 Rf6) 42. hxg5 $2 (42. Qf5) 42... Bxg5 $18 43. Rf3 {Threatens to win with Rf5.} Rf6 {[#]} (43... Rg6 $16) 44. Rf5 $1 Rg6 (44... Be3 45. Rxf6 Kxf6) 45. Nf3 $2 (45. Qe8 $18 f6 46. d6) 45... Bf4 $1 $11 {Dancing on a razor blade.} 46. Kf1 Qb1+ 47. Ne1 Bd2 48. Kg2 (48. Rxf7+ $1 $11 Kxf7 49. Qd7+ Kf8 50. Qd8+ Kg7 51. Qe7+ Kh6 52. Qf8+ Kh7 53. Qf7+ Rg7 54. Qf5+ Rg6 55. Qf7+ Rg7 56. Qf5+ Rg6 57. Qf7+) 48... Qxe1 (48... Qxe4+ $17 49. Nf3 Rg5 50. Rxg5+ Bxg5) 49. Qd7 $2 {[%mdl 8192]} (49. Rxf7+ $11 Kxf7 50. Qd7+ Kf8 51. Qd8+ Kg7 52. Qe7+ Kh6 53. Qf8+ Rg7 54. Qf6+ Kh7 55. Qf5+ Rg6 56. Qf7+ Rg7 57. Qf5+ Kh6 58. Qf6+ Rg6 59. Qf8+ Kg5 60. Qe7+ Rf6 61. Qg7+ Rg6 62. Qe7+ Rf6 63. Qg7+ Rg6 64. Qe7+) 49... Qxe4+ $19 50. Kh2 Rf6 51. Rxf6 Kxf6 52. d6 Kg7 {( -> ...c3)} 53. Qe7 Qf5 54. f4 exf4 {Black mates.} 55. g4 hxg4 56. d7 f3 57. d8=Q Bf4+ (57... Qf4+ $2 58. Kh1 Qh6+ 59. Qh4 $18) 58. Kg1 Qb1+ 59. Kf2 Qc2+ 60. Kf1 Qg2+ 61. Ke1 Qg1# {Weighted Error Value: White=0.73/Black=0.17 (very precise)} 0-1

[Event "Festival Primavera Cattolica 2022"]
[Site "Cattolica"]
[Date "2022.03.17"]
[Round "3.5"]
[White "Bernadskiy, Vitaliy"]
[Black "Enchev, Ivajlo"]
[Result "1-0"]
[WhiteElo "2601"]
[BlackElo "2449"]
[Annotator "TA"]
[PlyCount "54"]
[EventDate "2022.03.16"]
[EventType "swiss"]
[EventCountry "ITA"]
[SourceTitle "playchess.com"]
[Source "ChessBase"]
[SourceQuality "1"]

{[%evp 11,54,12,23,12,18,15,10,16,15,16,36,34,34,30,31,23,22,0,0,0,38,0,389,378,350,354,347,-129,325,323,312,314,834,826,824,808,29988,29989,29992,29993,29993,29993,29997,29998,29998]} 1. e4 c6 2. d4 d5 3. e5 Bf5 4. c4 e6 5. Nc3 Nd7 6. cxd5 cxd5 7. Bd3 {is cutting edge theory. B12: Caro-Kann: Advance Variation.} Bxd3 8. Qxd3 Ne7 9. Nge2 {The position is equal.} Nc6 10. O-O {[#]} Qb6 $146 ({Predecessor:} 10... Be7 11. Qg3 g6 12. Bh6 Bf8 13. Bxf8 Kxf8 14. f4 Qb6 15. Qe3 h5 16. Rab1 a5 {0-1 (42) Paravyan,D (2654)-Sadhwani,R (2545) Chess.com INT 2020}) 11. a3 Be7 12. Qg3 g6 13. Be3 Qb3 14. Bg5 Bxg5 15. Qxg5 Na5 16. Nf4 {[%cal Oc3d5] aiming for Ncxd5!} Qxb2 $2 {[%mdl 8192] [#]} (16... Nc6 $11) 17. Ncxd5 $1 $18 {[%mdl 512]} exd5 {[#]} 18. e6 $1 Nb6 {And now ...0-0 would win.} (18... fxe6 19. Nxe6 Nf8 20. Nc7+ Kd7 21. Qxd5+ Kxc7 22. Rab1 Qxb1 23. Qe5+ Kd7 24. Rxb1 $18) 19. Rab1 $2 (19. Nxd5 $18 Nxd5 20. exf7+ Kf8 21. Qe5 (21. Qxd5 Nc6 $16) 21... Kxf7 22. Qxd5+ Kg7 23. Qe5+ (23. Qxa5 Qb6 $16) 23... Kf7 24. Qxa5) 19... Qc2 $2 {[%mdl 8192] This move loses the game for Black.} (19... Qxa3 20. Nxd5 Nxd5 21. exf7+ Kxf7 22. Qxd5+ Kg7 23. Qe5+ (23. Ra1 Qe7 $14) 23... Kf7 24. Qd5+ Kg7 25. Qe5+ (25. Ra1 Qe7 $14) 25... Kf7 26. Qd5+ $14) (19... Qxd4 $17 {stays on course. ...f6 is the strong threat.} 20. Rfd1 {[#]} f6 $1) 20. exf7+ ({Don't take} 20. Nxd5 Nxd5 21. exf7+ (21. Qxd5 Qf5 $14) 21... Kf8 $18) 20... Kxf7 {Hoping for ...h6.} 21. Rbc1 ({Not} 21. Nxd5 Rhe8 $16) 21... h6 $2 (21... Qf5 22. Rc7+ Nd7 23. Qxf5+ gxf5) 22. Qg3 (22. Rxc2 $2 {loses.} hxg5 23. Nd3 Nc6 $19) 22... Qf5 23. Rc7+ Kg8 24. Nxg6 {White mates.} Qg5 25. Ne7+ Kf7 26. Nxd5+ Ke6 27. Re1+ Kxd5 {Weighted Error Value: White=0.39/Black=0.97} 1-0

[Event "Festival Primavera Cattolica 2022"]
[Site "Cattolica"]
[Date "2022.03.17"]
[Round "3.6"]
[White "Dardha, Daniel"]
[Black "Reuker, Jari"]
[Result "1-0"]
[WhiteElo "2541"]
[BlackElo "2425"]
[Annotator "TA"]
[PlyCount "101"]
[EventDate "2022.03.16"]
[EventType "swiss"]
[EventCountry "ITA"]
[SourceTitle "playchess.com"]
[Source "ChessBase"]
[SourceQuality "1"]

{[%evp 16,101,22,13,15,17,22,10,22,21,45,29,55,58,70,69,68,67,72,73,61,71,67,22,20,21,22,14,14,15,22,12,27,44,29,28,28,28,28,33,36,40,20,23,32,20,110,102,118,102,116,109,114,78,167,166,178,176,231,239,247,229,253,243,251,244,241,275,322,276,243,0,186,79,308,137,1884,1639,1699,1706,1579,1526,1450,1173,1088,1059,29988,5708]} 1. c4 Nf6 2. Nc3 g6 3. e4 d6 4. d4 Bg7 5. Nf3 O-O 6. Bd3 Bg4 7. Be2 {[%cal Bd3e2,Be2f3,Bf3g4][%mdl 32]} Nfd7 8. O-O Nc6 9. Be3 Bxf3 {E91: King's Indian: Classical: 6 Be2, unusual replies including 6...c5 and 6...Bg4.} 10. Bxf3 e5 {[%cal Re5d4]} 11. d5 Nd4 {The position is equal.} 12. Bg4 f5 13. exf5 gxf5 14. Bh3 c5 15. dxc6 $1 bxc6 16. Bxd4 exd4 17. Ne2 {[%cal Bc3e2,Be2f4,Bf4d5][%mdl 32] [#]} c5 $146 ({Predecessor:} 17... Qb6 18. Qc2 d3 19. Qxd3 Ne5 20. Qc2 Qc5 21. b3 Nf7 22. b4 Qxb4 23. Rab1 Qc5 24. Bxf5 {1-0 (34) MacGregor,C (1917)-Cormack,W (2005) ICCF email 2010}) 18. Nf4 Qf6 19. Qc2 (19. Nd5 $14 Qh4 20. Qc2) 19... Kh8 20. Nd5 Qf7 21. Rae1 {[#] And now Re7 would win.} Ne5 22. f4 d3 23. Qa4 Qd7 24. Qxd7 Nxd7 25. b3 Bd4+ 26. Kh1 Rae8 {Threatens to win with ...Rxe1.} 27. Rd1 (27. Rxe8 $2 Rxe8 28. g3 d2 29. Bxf5 {[#]} Re1 $1 $19) 27... Re2 28. Rxd3 Nf6 29. Nxf6 Rxf6 30. a3 Rfe6 (30... Rb2 $11) 31. Bxf5 $16 Re7 32. h4 Ra2 33. b4 Kg7 34. Kh2 h5 (34... Kf6 $16 {might work better.} 35. Bc8 Rc2) 35. Rg3+ $18 Kf6 36. Bb1 Rb2 (36... Rf2 $142 37. Rg6+ Kf7 38. Rxf2 Bxf2) 37. bxc5 dxc5 38. Rg5 Ree2 39. Bd3 ({Resist} 39. Rxh5 $6 Rxg2+ 40. Kh3 Rh2+ 41. Kg4 Rbg2+ 42. Kf3 Rg8 43. Rh6+ Kg7 44. Rg6+ Kf7 $16) 39... Re3 40. Bg6 Rxa3 41. Bxh5 a5 42. Rg6+ Kf5 43. Rg5+ Kf6 $1 44. f5 (44. Rg8 $18 {is more deadly.}) 44... Bf2 $2 (44... Rf2 $16 {was worth a try.} 45. Re1 Re3 46. Rxe3 Bxe3) 45. Be8 ({Weaker is} 45. Rg6+ Kxf5 46. Rg5+ Kf4 47. Rxc5 (47. Bg6 Raa2 $16) 47... Rf3 $16) (45. Bg4 $18 {Strongly threatening Rg6+.} Bg3+ 46. Kg1) 45... Bxh4 $2 {[%mdl 8192] This costs Black the game.} (45... Re3 $16) 46. Rg6+ Ke7 47. f6+ Bxf6 48. Re1+ Kd8 49. Rxf6 Raa2 50. Bc6 {White wants to mate with Re8+.} a4 51. Rf7 {Weighted Error Value: White=0.17 (very precise) /Black=0.46} (51. Re8+ $142 Kc7 52. Bd5 Rf2 53. Ra6 Rae2 54. Rea8 Rd2 55. R8a7+ Kd8 56. Rh7) 1-0

[Event "Festival Primavera Cattolica 2022"]
[Site "Cattolica"]
[Date "2022.03.17"]
[Round "3.7"]
[White "Nesterov, Arseniy"]
[Black "Wachinger, Nikolas"]
[Result "0-1"]
[WhiteElo "2522"]
[BlackElo "2398"]
[Annotator "TA"]
[PlyCount "84"]
[EventDate "2022.03.16"]
[EventType "swiss"]
[EventCountry "ITA"]
[SourceTitle "playchess.com"]
[Source "ChessBase"]
[SourceQuality "1"]

{[%evp 11,84,24,25,32,25,-11,36,26,31,30,31,27,33,31,34,33,36,28,37,8,8,6,5,0,0,0,0,-137,-132,-161,-166,-149,-175,-156,-145,-256,-234,-235,-234,-353,-141,-173,-122,-323,-313,-462,-378,-481,-460,-537,-526,-510,-497,-684,-556,-502,-479,-814,-595,-1001,-880,-931,-817,-869,-820,-784,-756,-1067,-1079,-1020,-1018,-1521,-1505,-1352,-1014]} 1. d4 Nf6 2. c4 e6 3. Nf3 d5 4. Nc3 c5 5. cxd5 cxd4 6. Qxd4 exd5 7. e4 {D41: Queen's Gambit Declined: Semi-Tarrasch with 5 cxd5.} dxe4 $1 {[%mdl 4] outshines the older 7...Nc6.} 8. Qxd8+ Kxd8 9. Ng5 {[%csl LRe4,LRf7] White is slightly better.} Be6 10. Nxe6+ fxe6 11. Bg5 h6 12. O-O-O+ Ke7 $1 13. Bxf6+ gxf6 14. Nxe4 Bg7 {[#]} 15. Bc4 $146 ({Predecessor:} 15. Bb5 f5 16. Ng3 Rc8+ 17. Kb1 Rc5 18. Ba4 Nc6 19. Rhe1 Rd8 20. Rxd8 Nxd8 21. f4 a5 22. Bc2 Kf7 23. Rd1 Ke7 24. Re1 Kf7 25. Rd1 Ke7 26. Re1 {½-½ (26) Martirosyan,H (2624)-Radjabov,T (2763) Terme Catez 2021}) 15... Rc8 16. Nd6 Na6 {White must now prevent ...Rc6.} ({Much less strong is} 16... Rc6 17. Nf5+ Kf7 18. Kb1 $1 $16) 17. b3 ({Much worse is} 17. Nxc8+ Rxc8 18. b3 b5 $17) 17... Rc6 18. Nxb7 Rac8 19. Rd2 (19. Na5 $11 {keeps the balance.} Rc5 20. Nb7) 19... Rb6 $17 {[%mdl 1024] Black has strong compensation.} 20. Na5 Rc5 21. Rhd1 {Hoping for Rd7+.} Nb8 {To avoid Rd7+} (21... Rxa5 $2 22. Rd7+ Kf8 23. Rxa7 $18) 22. Rd8 f5 23. Rg8 {[#]} (23. R1d6 $17 {was worth a try.} Rxd6 24. Rxd6 Kxd6 25. Nb7+ Kc6 26. Nxc5 Kxc5 27. Bxe6) 23... Bf8 $1 $19 ({Don't go for} 23... Be5 $2 24. Kb1 $17) 24. Rh8 Rxa5 25. Rh7+ (25. Kb1 {only move.}) 25... Ke8 $2 (25... Kf6 $19 26. Rd8 {[#]} Kg6 $1) 26. Re1 e5 (26... Rc5 $19 27. Rxa7 Be7) 27. Rf7 $2 {This costs White the game.} (27. Rd1 $17 {is a better defense.}) 27... Nc6 28. a4 (28. Rxf5 {was called for.} Rxa2 29. Kb1) 28... Nd4 {Threatens to win with ...Rc5.} 29. Re3 Rc6 {Black is clearly winning.} 30. Rh7 {[#]} Nxb3+ $1 {[%mdl 512]} 31. Rxb3 {Rb8+ would kill now.} Rxc4+ 32. Kd1 {Intending Rb8+ and mate.} Rd4+ 33. Ke2 Raxa4 34. g4 (34. g3 $142) 34... fxg4 35. Rh8 Rd8 {Prevents Rb8.} 36. Rb7 Re4+ 37. Kf1 a5 {[%cal Ba7a5,Ba5a4,Ba4a3][%mdl 32] Strongly threatening ...Ra8.} 38. Ra7 a4 39. Kg2 Rf4 40. Rhh7 a3 {...Bc5 is the strong threat.} 41. Rh8 Rf3 42. h3 Rxh3 {Weighted Error Value: White=0.81/Black=0.24 (precise)} 0-1

[Event "Festival Primavera Cattolica 2022"]
[Site "Cattolica"]
[Date "2022.03.17"]
[Round "3.8"]
[White "Ojas Kulkarni"]
[Black "Nikolov, Momchil"]
[Result "1-0"]
[WhiteElo "2236"]
[BlackElo "2501"]
[Annotator "TA"]
[PlyCount "91"]
[EventDate "2022.03.16"]
[EventType "swiss"]
[EventCountry "ITA"]
[SourceTitle "playchess.com"]
[Source "ChessBase"]
[SourceQuality "1"]

{[%evp 11,91,12,6,3,13,9,14,11,8,9,36,0,6,-26,22,27,23,25,42,16,0,-10,-28,-13,0,-26,41,-3,0,-11,-29,-35,0,-76,0,0,30,27,24,19,38,34,44,37,103,106,77,0,27,14,138,156,147,83,197,199,231,197,250,168,202,200,197,197,204,200,791,766,652,508,455,310,1031,858,300,156,2244,270,1570,265,1954,1377]} 1. c4 Nf6 2. g3 c5 3. Bg2 d5 4. cxd5 Nxd5 5. Nc3 Nc7 6. Qa4+ Bd7 7. Qb3 {A34: Symmetrical English: 2 Nc3, lines with ...d5.} Nc6 8. Qxb7 Nd4 9. Qe4 {Prevents Nc2+. The position is equal.} g6 10. Qb1 Bg7 11. d3 (11. e3 $5 {[%cal Re3d4]}) 11... Rb8 12. e3 Nc6 (12... Ndb5 $142 13. Qc2 Nxc3 14. bxc3 O-O) 13. Nge2 $11 O-O {[%cal Od7f5]} 14. O-O {[#]} Nb5 $146 {[#] aiming for ...Nxc3.} ({Predecessor:} 14... Qc8 15. b3 Qa6 16. Bb2 Ne5 17. Ne4 Ne6 18. Nf4 Rfc8 19. Rd1 Bb5 20. a4 Be8 {1-0 (33) Lie,E (2449)-Gabrielsen,S (2330) Norway 2011}) 15. Nxb5 Rxb5 16. b3 Bxa1 17. Qxa1 Qc7 18. Bb2 f6 (18... Nb4 $11) 19. Nf4 (19. Rc1 $14) 19... Qd6 20. Bd5+ Kg7 21. Bc4 {A strong pair of Bishops.} Rbb8 22. Rd1 (22. d4 $1 $11) 22... Na5 ({Black should play} 22... e5 $17 23. Ng2 Bg4) 23. Bc3 Nxc4 (23... e5 $5) 24. dxc4 Qc6 25. Nd5 {[%mdl 1024] White has compensation.} Bg4 26. Re1 Rbd8 27. e4 e5 (27... Rf7 $14) 28. f4 $16 exf4 29. e5 (29. gxf4 $16 Rf7 30. Re3) 29... Rxd5 30. exf6+ Kh6 (30... Kg8 $11 {keeps the balance.} 31. cxd5 Qxd5) 31. cxd5 Qxd5 32. Qc1 (32. gxf4 $142 {Black must now prevent Re5.} Qf3 33. Qb2) 32... g5 (32... Bh3 $16 33. Qxf4+ g5) 33. gxf4 $18 Rd8 34. fxg5+ Kg6 (34... Qxg5 {keeps fighting.} 35. Qxg5+ Kxg5) 35. Qf4 Qxg5 36. Qxg5+ Kxg5 {[%mdl 4096] Endgame KRB-KRB} 37. Re5+ Kg6 38. Rxc5 Rc8 $2 (38... a6 39. h4 h6) 39. Rxc8 Bxc8 {KB-KB} 40. Kf2 Bf5 41. b4 {Strongly threatening Ke3.} Be6 $2 {[#]} (41... Bd7 42. Ke3 Kf7) 42. a3 $1 Kf7 43. Ke3 Ke8 $2 (43... Bb3 $16 44. Kd4 Kxf6) 44. Kd4 Kd7 $2 (44... a6 45. Kc5 Bb3) 45. Kc5 $2 (45. b5 Bb3 46. Kc5) 45... Bf7 $2 (45... a6 46. a4 Bg4) 46. Kb5 {Weighted Error Value: White=0.41/Black=0.31} 1-0